000 01167 a2200241 4500
999 _c4343
_d4343
020 _a9780495091912
050 0 0 _aQA135.6 KEN 2008
100 1 _aKennedy, Leonard M.
_eauthor
245 1 0 _aGuiding children's learning of mathematics /
_cLeonard M. Kennedy, Steve Tipps, Art Johnson.
250 _a11th ed. /
_bLeonard M. Kennedy, Steve Tipps, Art Johnson.
264 _aLondon :
_bWadsworth,
_c2008
300 _axxii, 589 p. :
_bcol. ill. ;
500 _aIncludes bibliographical references (p. 571-576) and index.
504 _aIncludes bibliographical references (p. 571-576) and index.
650 0 _aMathematics
_xStudy and teaching (Elementary)
700 1 _aTipps, Steven.
700 1 _aJohnson, Art,
_d1946-
856 4 2 _3Contributor biographical information
_uhttp://www.loc.gov/catdir/enhancements/fy1104/2006939472-b.html
856 4 2 _3Publisher description
_uhttp://www.loc.gov/catdir/enhancements/fy1104/2006939472-d.html
856 4 1 _3Table of contents only
_uhttp://www.loc.gov/catdir/enhancements/fy1104/2006939472-t.html
942 _2lcc
_cBK
_e11th
_h135.6
_iKEN
_kQA